[Event "Campeonato de Aragon por Equipos - Division de Honor"]
[Site ""]
[Date "2022.02.26"]
[Round "5.14"]
[White "Llanes Luno, Pedro Alfredo"]
[Black "Lopez Gracia, Fernando"]
[Result "1-0"]
[WhiteElo "2041"]
[BlackElo "2281"]
[PlyCount "0"]
[WhiteTeam "Delicias"]
[BlackTeam "IberCaja"]
[EventDate "2022.01.29"]

1. e4 e5 2. Nf3 Nc6 3. Bc4 Bc5 4. b4 Bxb4 5. c3 Be7 6. O-O Nf6 7. d4 Na5 8.
Bxf7+ Kxf7 9. dxe5 Re8 10. exf6 Bxf6 11. Qd5+ Re6 12. Qxa5 1-0

[Event "Campeonato de Aragon por Equipos - Division de Honor"]
[Site ""]
[Date "2022.02.26"]
[Round "5.16"]
[White "Fabre Perez, Jose Maria"]
[Black "Torcal Miguel, Oscar"]
[Result "0-1"]
[WhiteElo "2009"]
[BlackElo "2037"]
[PlyCount "0"]
[WhiteTeam "Delicias"]
[BlackTeam "IberCaja"]
[EventDate "2022.01.29"]

1. c4 e5 2. g3 Nf6 3. Bg2 c6 4. d4 e4 5. d5 Bc5 6. e3 d6 7. Nd2 Qe7 8. Qc2 Bf5
9. Ne2 Nbd7 10. b4 Bb6 11. Nc3 cxd5 12. Nxd5 Nxd5 13. cxd5 O-O 14. O-O Rfc8 15.
Qb1 Nf6 16. Bb2 Nxd5 17. Bxe4 Bxe4 18. Qxe4 Qxe4 19. Nxe4 Nxb4 20. Nxd6 Rc2 21.
Bd4 Bxd4 22. exd4 b6 23. a4 Rd8 24. Nf5 g6 25. Ne3 Rd2 26. d5 Nxd5 27. Nxd5
R8xd5 28. Rfc1 Rf5 29. f4 Ra5 30. Rc8+ Kg7 31. Rc7 b5 32. f5 g5 33. f6+ Kg6 34.
h4 bxa4 35. h5+ Kxh5 36. Rxf7 Kg6 37. Rc7 Kxf6 38. Rf1+ Kg6 39. g4 Ra6 40. Rff7
Rdd6 41. Rg7+ Kf6 42. Rcf7+ Ke5 43. Rxg5+ Ke4 44. Rxh7 a3 45. Re7+ Kd4 46. Re1
a2 47. Rd1+ Kc4 48. Rc1+ Kb4 49. Ra1 Ka3 50. Re5 Kb2 51. Ree1 Rd2 52. Rec1 Rg6
0-1

[Event "Campeonato de Aragon por Equipos - Division de Honor"]
[Site ""]
[Date "2022.02.26"]
[Round "5.17"]
[White "Gavin Roche, Enrique"]
[Black "Cid Royo, Jonathan"]
[Result "1/2-1/2"]
[WhiteElo "2237"]
[BlackElo "2169"]
[PlyCount "0"]
[WhiteTeam "ONCE Club Ajedrez Aragon"]
[BlackTeam "L'Aurora Estadilla"]
[EventDate "2022.01.29"]


1. d4 d5 2. c4 e6 3. Nc3 c6 4. cxd5 exd5 5. Bf4 Bd6 6. Bxd6 Qxd6 7. e3 Ne7 8.
Nge2 O-O 9. Ng3 b5 10. Qc2 a5 11. Bd3 h6 12. O-O b4 13. Na4 Ba6 14. Rfc1 Bxd3
15. Qxd3 Nd7 16. Rc2 Rab8 17. Rac1 Nb6 18. Nf5 Nxf5 19. Rxc6 Nxa4 20. Rxd6 Nxd6
21. Qa6 Nc4 22. b3 Nc3 23. Rc2 Ra8 24. Qb7 Rfb8 25. Qe7 Re8 26. Qb7 Nd6 27. Qb6
Ndb5 28. h4 h5 29. Kh2 Re6 30. Qb7 Rea6 31. Qe7 Nd6 32. a3 g6 33. axb4 axb4 34.
Kh3 Re8 35. Qc7 Kg7 36. Qc5 Rb8 37. Qc7 Rb7 38. Qd8 1/2-1/2

[Event "Campeonato de Aragon por Equipos - Division de Honor"]
[Site ""]
[Date "2022.02.26"]
[Round "5.18"]
[White "Cid Royo, Oscar"]
[Black "Laliena Solanes, Luis"]
[Result "1/2-1/2"]
[WhiteElo "2015"]
[BlackElo "2200"]
[PlyCount "0"]
[WhiteTeam "L'Aurora Estadilla"]
[BlackTeam "ONCE Club Ajedrez Aragon"]
[EventDate "2022.01.29"]

1. d4 Nf6 2. c4 c5 3. Nf3 cxd4 4. Nxd4 e5 5. Nf3 e4 6. Nd4 d5 7. e3 Bd6 8. Nc3
O-O 9. cxd5 Re8 10. b3 Nxd5 11. Nxd5 Qa5+ 12. Nc3 Qxc3+ 13. Bd2 Qc5 14. Rc1 Qg5
15. g3 Nd7 16. Bg2 Nc5 17. O-O Bg4 18. f3 exf3 19. Bxf3 Bh3 20. Bg2 Bxg2 21.
Kxg2 Ne4 22. Nf5 Ba3 23. Rc4 Rad8 24. Rxe4 Rxe4 25. Qc2 Re6 26. Bc3 Rxe3 27.
Nxe3 Qxe3 28. Rf3 Qe6 29. b4 Rc8 30. Qd2 Re8 31. Qg5 Qg6 32. Qb5 1/2-1/2

[Event "Campeonato de Aragon por Equipos - Division de Honor"]
[Site ""]
[Date "2022.02.26"]
[Round "5.19"]
[White "Latorre Abad, Fernando"]
[Black "Fuentes Espuna, Juan Antonio"]
[Result "1-0"]
[WhiteElo "2109"]
[BlackElo "1903"]
[PlyCount "0"]
[WhiteTeam "ONCE Club Ajedrez Aragon"]
[BlackTeam "L'Aurora Estadilla"]
[EventDate "2022.01.29"]

1. e4 e6 2. Nf3 d5 3. Nc3 Nf6 4. e5 Nfd7 5. Ne2 c5 6. d4 cxd4 7. Nexd4 Nc6 8.
Bf4 a6 9. c3 Be7 10. Qd2 Nc5 11. Bd3 h6 12. Nxc6 bxc6 13. Bc2 a5 14. O-O Ba6
15. Rfe1 g5 16. Be3 Qc7 17. Bxc5 Bxc5 18. Nd4 Rb8 19. b3 Bxd4 20. cxd4 Qb6 21.
Rac1 Qd8 22. Re3 g4 23. Bd1 Kd7 24. Rec3 Rc8 25. Qf4 Qe7 26. Bxg4 h5 27. Bf3
Rh7 28. Rc5 Bd3 29. Qd2 Ba6 30. Qxa5 Bb7 31. Qb6 Rc7 32. b4 f5 33. b5 Kd8 34.
bxc6 Bc8 35. Ra5 Qg5 36. Qc5 Qd2 37. Qf8# 1-0

[Event "Campeonato de Aragon por Equipos - Division de Honor"]
[Site ""]
[Date "2022.02.26"]
[Round "5.20"]
[White "Puertolas Serena, Arturo"]
[Black "Cobo Garrido, Diego Israel"]
[Result "0-1"]
[WhiteElo "1782"]
[BlackElo "2076"]
[PlyCount "0"]
[WhiteTeam "L'Aurora Estadilla"]
[BlackTeam "ONCE Club Ajedrez Aragon"]
[EventDate "2022.01.29"]

1. d4 d5 2. Nf3 Nf6 3. e3 Bf5 4. c4 e6 5. Nc3 c6 6. cxd5 exd5 7. Qb3 Qc7 8. Be2
Nbd7 9. Bd2 Bd6 10. Rc1 a6 11. Na4 O-O 12. Bb4 Ne4 13. Bxd6 Qxd6 14. Nc3 Ndf6
15. Qd1 Qe7 16. O-O Rae8 17. Nxe4 Nxe4 18. Bd3 Bg4 19. Be2 Bxf3 20. Bxf3 f5 21.
g3 Kh8 22. h4 g5 23. Bxe4 fxe4 24. Qh5 gxh4 25. Kg2 Rf3 26. Qxh4 Qxh4 27. gxh4
Rg8+ 28. Kh2 Rg4 29. Rc2 Rxh4+ 30. Kg2 Rg4+ 31. Kh2 Rf6 0-1

[Event "Campeonato de Aragon por Equipos - Division de Honor"]
[Site ""]
[Date "2022.02.26"]
[Round "5.21"]
[White "Hinojar Basa, Alfonso"]
[Black "Orti Stock, Carlos"]
[Result "1-0"]
[WhiteElo "2125"]
[BlackElo "1803"]
[PlyCount "0"]
[WhiteTeam "Marcos Frechin"]
[BlackTeam "Utebo San Lamberto"]
[EventDate "2022.01.29"]

1. e4 e5 2. Nf3 Nc6 3. Bc4 Bc5 4. O-O Nf6 5. d3 d6 6. c3 O-O 7. h3 a5 8. Re1
Ba7 9. Nbd2 Bd7 10. Nf1 h6 11. Ng3 Ne7 12. d4 Ng6 13. Be3 a4 14. Qd2 b5 15. Bd3
c5 16. Rad1 Bb6 17. Bxh6 cxd4 18. Bg5 dxc3 19. bxc3 Kh7 20. Nf5 Bc5 21. Nh2 Rh8
22. Ng4 Kg8 23. Qe2 Nf4 24. Nxf6+ gxf6 25. Bxf4 Bxf5 26. exf5 exf4 27. Bxb5 Qb6
28. Bc4 Kg7 29. Qg4+ Kf8 30. Qxf4 Re8 31. Qf3 Rh4 32. Rxe8+ Kxe8 33. Qa8+ Kd7
34. Bxf7 Bxf2+ 35. Kh1 Qc7 36. Qe8# 1-0

[Event "Campeonato de Aragon por Equipos - Division de Honor"]
[Site ""]
[Date "2022.02.26"]
[Round "5.22"]
[White "Olivan Lopez, Dario"]
[Black "Miranda Herrera, Jorge Manuel"]
[Result "0-1"]
[WhiteElo "1793"]
[BlackElo "2051"]
[PlyCount "0"]
[WhiteTeam "Utebo San Lamberto"]
[BlackTeam "Marcos Frechin"]
[EventDate "2022.01.29"]

1. e4 d6 2. d4 Nf6 3. Nc3 e5 4. Nf3 Nbd7 5. Bc4 Be7 6. a4 O-O 7. O-O c6 8. Ba2
b6 9. b4 d5 10. Nxe5 Nxe5 11. dxe5 Bxb4 12. exf6 Bxc3 13. fxg7 Re8 14. Rb1 Ba6
15. Qf3 Bxf1 16. Qxc3 Bc4 17. Bxc4 dxc4 18. Qf3 Qd4 19. Be3 Qxe4 20. Qe2 Rad8
21. h3 c3 22. Qh5 Qxc2 23. Rc1 Qd3 24. Kh2 Qd6+ 25. g3 Rxe3 26. Qh4 0-1

[Event "Campeonato de Aragon por Equipos - Division de Honor"]
[Site ""]
[Date "2022.02.26"]
[Round "5.23"]
[White "Ciriano Lamban, Alejandro"]
[Black "Arias Alvarez, Alberto"]
[Result "1/2-1/2"]
[WhiteElo "2028"]
[BlackElo "1699"]
[PlyCount "0"]
[WhiteTeam "Marcos Frechin"]
[BlackTeam "Utebo San Lamberto"]
[EventDate "2022.01.29"]

1. d4 Nf6 2. Nf3 e6 3. c4 Bb4+ 4. Nbd2 c5 5. a3 Bxd2+ 6. Qxd2 cxd4 7. Qg5 O-O
8. Nxd4 Nc6 9. Nxc6 dxc6 10. g3 Qd4 11. Qf4 e5 12. Qxd4 exd4 13. Bg5 Ne4 14.
Bf4 Be6 15. Rc1 Rad8 16. c5 Bb3 17. f3 Nf6 18. Bg5 Rfe8 19. Kf2 Rd5 20. Bxf6
gxf6 21. f4 Re3 22. h4 Rd7 23. Bh3 Rde7 24. Rhe1 Kg7 25. Bf5 Be6 26. Bd3 Bb3
27. h5 h6 28. Rh1 Bd5 29. Rhd1 Be6 30. Rd2 Bg4 31. Rc4 Bxh5 32. Rxd4 Bg4 33. b4
a6 34. a4 h5 35. b5 axb5 36. axb5 cxb5 37. Rb4 Bd7 38. Bxb5 Bxb5 39. Rxb5 Rc3
40. Rd3 Rc2 41. Re3 Rc7 42. Reb3 Re7 43. Re3 Rc7 1/2-1/2

[Event "Campeonato de Aragon por Equipos - Division de Honor"]
[Site ""]
[Date "2022.02.26"]
[Round "5.24"]
[White "Olivan Blasco, Leonardo"]
[Black "Moya Gimeno, Raul"]
[Result "1/2-1/2"]
[WhiteElo "1400"]
[BlackElo "1877"]
[PlyCount "0"]
[WhiteTeam "Utebo San Lamberto"]
[BlackTeam "Marcos Frechin"]
[EventDate "2022.01.29"]

1. e4 c5 2. Nf3 Nc6 3. d4 cxd4 4. Nxd4 Nf6 5. Nc3 e5 6. Nxc6 bxc6 7. Bd3 Be7 8.
Be3 O-O 9. O-O d5 10. exd5 cxd5 11. Bg5 h6 12. Bxf6 Bxf6 13. Nxd5 Bg5 14. Qf3
Be6 15. c4 f5 16. Bc2 Kh8 17. Rad1 Qb8 18. b3 a5 19. Ne3 e4 20. Qh3 Qe5 21. Nd5
f4 22. Qc3 Qxc3 23. Nxc3 e3 24. Rd6 Bg4 25. f3 Bh5 26. Ne2 Be7 27. Rd4 g5 28.
Be4 Rad8 29. Rfd1 Rxd4 30. Rxd4 Rd8 31. Rxd8+ Bxd8 32. g3 Bc7 33. gxf4 gxf4 34.
Kf1 Kg7 35. Nd4 Kf6 36. Ke2 Be8 37. Nb5 Bxb5 38. cxb5 Ke5 39. Bc6 Kd4 40. a4
Kc3 41. Bd5 Bb6 42. h4 Bd8 43. h5 Bb6 1/2-1/2

[Event "Campeonato de Aragon por Equipos - Division de Honor"]
[Site ""]
[Date "2022.02.26"]
[Round "5.25"]
[White "Sanchez Herrera, Miguel"]
[Black "Cifuentes Parada, Roberto"]
[Result "0-1"]
[WhiteElo "2074"]
[BlackElo "2427"]
[PlyCount "0"]
[WhiteTeam "Agrupacion"]
[BlackTeam "Jaque - Pirenauto"]
[EventDate "2022.01.29"]

1. Nf3 d5 2. d4 c5 3. c3 cxd4 4. cxd4 Nf6 5. Nc3 Nc6 6. Bf4 Ne4 7. Qa4 e6 8.
Ne5 Bd7 9. Nxd7 Qxd7 10. a3 Bd6 11. Nxe4 dxe4 12. Bxd6 Qxd6 13. e3 O-O 14. Bb5
Rfc8 15. O-O a6 16. Be2 b5 17. Qd1 Na5 18. Rc1 Qd5 19. f3 Qa2 20. fxe4 Qxb2 21.
Rxc8+ Rxc8 22. Bh5 Rf8 23. Qf3 Nc4 24. Bxf7+ Kh8 25. d5 exd5 26. exd5 Qxa3 27.
Qh5 Qxe3+ 28. Kh1 Nd2 29. Rd1 Ne4 0-1

[Event "Campeonato de Aragon por Equipos - Division de Honor"]
[Site ""]
[Date "2022.02.26"]
[Round "5.26"]
[White "Escartin Lacasa, Jose"]
[Black "Barros Gutierrez, Angel Luis"]
[Result "1-0"]
[WhiteElo "2315"]
[BlackElo "2043"]
[PlyCount "0"]
[WhiteTeam "Jaque - Pirenauto"]
[BlackTeam "Agrupacion"]
[EventDate "2022.01.29"]

1. d4 Nf6 2. Nf3 e6 3. g3 b5 4. Bg2 Bb7 5. O-O d5 6. a4 b4 7. a5 Ba6 8. Bg5 Be7
9. Nbd2 h6 10. Bxf6 Bxf6 11. Re1 O-O 12. e4 c6 13. Nb3 Nd7 14. Qd2 Rb8 15. exd5
cxd5 16. Ne5 Nxe5 17. dxe5 Be7 18. Bf1 Bxf1 19. Kxf1 Qc7 20. Qd3 Rfc8 21. Re2
Qc4 22. Rd1 Rb5 23. Rdd2 a6 24. Kg2 Bc5 25. f4 Ba7 26. Qf3 d4 27. Qe4 Rd8 28.
Rd3 Rbd5 29. Red2 Qb5 30. Re2 Re8 31. g4 Rdd8 32. h4 Qd5 33. Qxd5 Rxd5 34. Red2
g5 35. Nxd4 Bxd4 36. Rxd4 Rxa5 37. Rxb4 gxf4 38. Re2 Rb5 39. Rxb5 axb5 40. Re4
f5 41. exf6 e5 42. g5 hxg5 43. hxg5 Kf7 44. Kf3 Kg6 45. Kg4 Re6 46. c3 Re8 47.
Re2 Re6 48. Rh2 f3 49. Rh6+ Kf7 50. Kxf3 e4+ 51. Ke3 Re8 52. Rh4 1-0

[Event "Campeonato de Aragon por Equipos - Division de Honor"]
[Site ""]
[Date "2022.02.26"]
[Round "5.27"]
[White "Carruez Berges, Santiago"]
[Black "Ereza Vizcarra, Fernando"]
[Result "1/2-1/2"]
[WhiteElo "1971"]
[BlackElo "2117"]
[PlyCount "0"]
[WhiteTeam "Agrupacion"]
[BlackTeam "Jaque - Pirenauto"]
[EventDate "2022.01.29"]

1. e4 c5 2. d4 cxd4 3. c3 d5 4. exd5 Qxd5 5. cxd4 Nc6 6. Nf3 Bg4 7. Nc3 Qh5 8.
Be2 e6 9. Bf4 Nf6 10. O-O Qf5 11. Bg3 Bb4 12. a3 Bxc3 13. bxc3 O-O 14. Rb1 Qa5
15. Rxb7 Qxc3 16. Be5 Nd5 17. Rb3 Qa5 18. Qc1 Nxe5 19. dxe5 Rab8 20. Rxb8 Rxb8
21. Qg5 Bxf3 22. Bxf3 Qxa3 23. h4 Qe7 24. Qxe7 Nxe7 25. Ra1 Ng6 26. Rxa7 Nxe5
27. Bb7 g6 28. g3 Kg7 29. Kg2 Rd8 30. Ra2 h6 31. Re2 Kf6 32. Be4 Rd4 33. Bf3
Rb4 34. Be4 Nc4 35. Bf3 Nd6 36. Rd2 Nf5 37. Ba8 Rd4 38. Re2 Nd6 39. Bf3 e5 40.
Ra2 e4 41. Be2 Ke5 42. Ra5+ Rd5 43. Rxd5+ Kxd5 44. Bd1 Kd4 45. Ba4 Nc4 46. Bc6
Ne5 47. Be8 f5 48. Bb5 g5 49. hxg5 hxg5 50. Kf1 Nf3 51. Ke2 Ke5 52. Ba6 Nd4+
53. Ke3 f4+ 54. gxf4+ gxf4+ 55. Kd2 Nb3+ 56. Kc3 Nc5 57. Bc4 Na4+ 58. Kd2 Kd4
59. Ba6 Nc5 60. Bb5 Nd3 61. Ke2 Ne5 62. Ba6 Nc4 63. Bb7 Nd6 64. Ba6 Nf5 65. Bc8
Ke5 66. Bb7 Nd4+ 67. Kf1 Nf3 68. Ke2 Kd4 69. Ba6 Ng1+ 70. Kf1 Nh3 71. Bc8 Ng5
72. Ke2 Ke5 73. Bb7 Ne6 74. Ba6 Nd4+ 1/2-1/2

[Event "Campeonato de Aragon por Equipos - Division de Honor"]
[Site ""]
[Date "2022.02.26"]
[Round "5.28"]
[White "Gonzalez Gambau, Jorge"]
[Black "Conon, Catalin"]
[Result "1-0"]
[WhiteElo "2068"]
[BlackElo "1887"]
[PlyCount "0"]
[WhiteTeam "Jaque - Pirenauto"]
[BlackTeam "Agrupacion"]
[EventDate "2022.01.29"]

1. e4 e6 2. Nc3 d5 3. Nf3 Nf6 4. e5 Nfd7 5. d4 c5 6. dxc5 Nc6 7. Bf4 Nxc5 8.
Be2 a6 9. O-O Be7 10. Qd2 b5 11. a3 Bb7 12. Rad1 Qb6 13. b4 Nd7 14. Rfe1 Rd8
15. Bd3 Nf8 16. Ne2 Ng6 17. Ned4 Nxd4 18. Nxd4 Bc8 19. Bg5 Bxg5 20. Qxg5 Bd7
21. Nb3 Ra8 22. h4 Qd8 23. Qxd8+ Kxd8 24. g3 Ne7 25. Nc5 Nc8 26. a4 Bc6 27. Ra1
Nb6 28. axb5 axb5 29. Rxa8+ Nxa8 30. Ra1 Nc7 31. Na6 Rf8 32. Nxc7 Kxc7 33. Ra7+
Kb6 34. Re7 h5 35. Kf1 d4 36. Ke2 g6 37. Kd2 f6 38. Rxe6 f5 39. Rxg6 Kb7 40.
Rf6 Ra8 41. Rxf5 Ra4 42. e6 Rxb4 43. e7 Rb1 44. Be4 Bxe4 45. e8=Q Bxf5 46. Qf7+
Kb6 47. Qxf5 1-0

[Event "Campeonato de Aragon por Equipos - Division de Honor"]
[Site ""]
[Date "2022.02.26"]
[Round "5.29"]
[White "Abril Avellanas, Eduardo"]
[Black "Sierra Aguerri, Joaquin"]
[Result "1-0"]
[WhiteElo "2157"]
[BlackElo "2097"]
[PlyCount "0"]
[WhiteTeam "Atletismo Huesca"]
[BlackTeam "Tauste"]
[EventDate "2022.01.29"]

1. Nf3 d5 2. d4 c6 3. c4 e6 4. g3 f5 5. Bg2 Nf6 6. O-O Bd6 7. Nc3 O-O 8. Qc2
Ne4 9. Rb1 Qe7 10. b4 Bd7 11. c5 Bc7 12. Bf4 Bxf4 13. gxf4 Be8 14. Rb3 Bh5 15.
Ne5 Nd7 16. Nxd7 Nxc3 17. Qxc3 Qxd7 18. Qe3 Qe7 19. b5 Be8 20. a4 a6 21. bxa6
Rxa6 22. Ra1 Bf7 23. Qe5 Rfa8 24. Rab1 R6a7 25. e3 Rc8 26. a5 Qc7 27. Qxc7 Rxc7
28. a6 Rxa6 29. Rxb7 Rxb7 30. Rxb7 Kf8 31. Bf3 Ra8 32. Rc7 Be8 33. Kg2 Rd8 34.
Bd1 Bd7 35. Ba4 Ra8 36. Bxc6 Bxc6 37. Rxc6 Ke7 38. Rc7+ Kf6 39. Rb7 Ra2 40. Kf3
Rc2 41. Kg2 Kg6 42. Kf1 Kf6 43. Ke1 Kg6 44. Rb1 Kf6 45. Rd1 Ke7 46. Rd2 Rc1+
47. Ke2 Rh1 48. Rb2 Kd7 49. Rb7+ Kc6 50. Re7 Rxh2 51. Rxe6+ Kc7 52. Re7+ Kc6
53. Rxg7 h5 54. Kf3 h4 55. Rh7 Kb5 56. Rh5 1-0

[Event "Campeonato de Aragon por Equipos - Division de Honor"]
[Site ""]
[Date "2022.02.26"]
[Round "5.30"]
[White "Sancho Casale, Jesus"]
[Black "Salamero Pelay, Fernando"]
[Result "1/2-1/2"]
[WhiteElo "1954"]
[BlackElo "2076"]
[PlyCount "0"]
[WhiteTeam "Tauste"]
[BlackTeam "Atletismo Huesca"]
[EventDate "2022.01.29"]

1. Nf3 Nc6 2. d4 d5 3. Bf4 Bg4 4. Ne5 Nxe5 5. Bxe5 e6 6. c4 f6 7. Bg3 Bd6 8.
Qb3 Ne7 9. e3 O-O 10. Nc3 c6 11. cxd5 exd5 12. Bd3 Rb8 13. O-O Kh8 14. Qc2 g6
15. b4 a6 16. a4 Bxg3 17. hxg3 Qd6 18. b5 axb5 19. axb5 Ra8 20. bxc6 bxc6 21.
Na4 Bf5 22. Qc5 Qe6 23. Qc2 Qd6 24. Nc5 Bxd3 25. Nxd3 Nf5 26. Qc5 Qe6 27. Nf4
Qd6 28. Rxa8 Qxc5 29. Ne6 Rxa8 30. Nxc5 Kg7 31. Rc1 Ne7 32. g4 Kf7 33. g3 Rb8
34. Kg2 Rb6 35. Rh1 Kg7 36. Ra1 h6 37. Ra7 Kf7 38. Rc7 Rb1 39. Kf3 Rb2 40. Rb7
Rc2 41. Rb8 Ra2 42. Rh8 1/2-1/2

[Event "Campeonato de Aragon por Equipos - Division de Honor"]
[Site ""]
[Date "2022.02.26"]
[Round "5.31"]
[White "Gella Bitrian, Diego"]
[Black "Muro Turon, Raul"]
[Result "1-0"]
[WhiteElo "2037"]
[BlackElo "1834"]
[PlyCount "0"]
[WhiteTeam "Atletismo Huesca"]
[BlackTeam "Tauste"]
[EventDate "2022.01.29"]

1. e4 e5 2. Nf3 Nc6 3. Bb5 Nge7 4. O-O g6 5. d4 exd4 6. Nxd4 Bg7 7. Be3 O-O 8.
c4 a6 9. Ba4 d6 10. h3 Ne5 11. Qe2 c5 12. Nb3 Nxc4 13. Qxc4 b5 14. Qe2 bxa4 15.
Nc1 Rb8 16. a3 Rxb2 17. Qd1 Qb6 18. Nd3 Rb3 19. Ra2 Be6 20. Rc2 Rb8 21. Rc1 Nc6
22. Nf4 Ne5 23. Re1 Nc4 24. Nxe6 Nxe3 25. fxe3 fxe6 26. Nd2 Rd3 27. Qc2 Rc3 28.
Qa2 Rxc1 29. Qxe6+ Kh8 30. Rxc1 Qb2 31. Rb1 Qxb1+ 32. Nxb1 Rxb1+ 33. Kf2 Be5
34. Qe8+ Kg7 35. Qxa4 Rb6 36. Qa5 Rc6 37. Qd8 Kh6 38. Qh4+ Kg7 39. Qe7+ Kh6 40.
Qb7 1-0

[Event "Campeonato de Aragon por Equipos - Division de Honor"]
[Site ""]
[Date "2022.02.26"]
[Round "5.32"]
[White "Solanas Esteban, Hector"]
[Black "Bellosta Lopez, Pablo"]
[Result "0-1"]
[WhiteElo "1681"]
[BlackElo "1980"]
[PlyCount "0"]
[WhiteTeam "Tauste"]
[BlackTeam "Atletismo Huesca"]
[EventDate "2022.01.29"]

1. d4 d5 2. c4 e6 3. Nc3 c6 4. Nf3 Nf6 5. Bg5 dxc4 6. e4 b5 7. e5 h6 8. Bh4 g5
9. Nxg5 hxg5 10. Bxg5 Nbd7 11. exf6 Qa5 12. Be2 b4 13. Ne4 Ba6 14. O-O O-O-O
15. Qc2 Nb6 16. Rfd1 Qf5 17. Rac1 Rg8 18. Be3 Kb8 19. Nc5 Bxc5 20. Qxf5 exf5
21. dxc5 Rxd1+ 22. Rxd1 Nd5 23. Rd4 Re8 24. Bxc4 Bxc4 25. Rxc4 a5 26. Rh4 f4
27. Bxf4+ Nxf4 28. h3 Nd3 29. Rh7 Rf8 30. a3 b3 31. Kf1 Nxb2 32. Ke1 Re8+ 33.
Kd2 Nc4+ 0-1

[Event "Cto de Aragon por Equipos – Preferente Grupo I"]
[Site ""]
[Date "2022.02.05"]
[Round "2.33"]
[White "Carruez Berges, Fernando"]
[Black "Carraminana Lopez, Luis Antonio"]
[Result "1-0"]
[WhiteElo "2012"]
[BlackElo "1910"]
[PlyCount "0"]
[WhiteTeam "Agrupacion B"]
[BlackTeam "Helios B"]
[EventDate "2022.01.29"]

1. e4 e5 2. Nc3 Nf6 3. f4 d5 4. fxe5 Nxe4 5. Qf3 Nxc3 6. dxc3 Be6 7. Bf4 Nd7 8.
Ne2 c5 9. g4 Qh4+ 10. Bg3 Qxg4 11. Qe3 O-O-O 12. Nf4 d4 13. cxd4 cxd4 14. Qxd4
Bc5 15. Qc3 Bd5 16. Be2 Qf5 17. Nxd5 Qe4 18. O-O-O Qxe2 19. b4 1-0

[Event "Cto de Aragon por Equipos – Preferente Grupo I"]
[Site ""]
[Date "2022.02.05"]
[Round "2.34"]
[White "Lorente Melcon, Maximo"]
[Black "Garcia Morales, Roberto"]
[Result "1/2-1/2"]
[WhiteElo "1858"]
[BlackElo "1980"]
[PlyCount "0"]
[WhiteTeam "Helios B"]
[BlackTeam "Agrupacion B"]
[EventDate "2022.01.29"]

1. e4 e5 2. Nf3 Nc6 3. Bc4 Bc5 4. O-O Nf6 5. d3 d6 6. c3 O-O 7. a4 a5 8. Nbd2
Be6 9. Re1 h6 10. Bb3 Bxb3 11. Qxb3 Qd7 12. Nf1 Kh7 13. Ng3 g6 14. Be3 b6 15.
Rad1 Ng4 16. h3 Bxe3 17. fxe3 Nf6 18. d4 Qe8 19. Rd2 Nd7 20. Qc4 Ndb8 21. d5
Ne7 22. Qxc7 Qd8 23. Qxd8 Rxd8 24. Rf1 Kg7 25. Ne1 Nd7 26. Nd3 Ng8 27. Kf2 Rdc8
28. Rc1 Rc7 29. c4 Ngf6 30. b3 h5 31. h4 Nc5 32. Nxc5 bxc5 33. Kf3 Rb7 34. Rb2
Rab8 35. Rcb1 Nd7 1/2-1/2

[Event "Cto de Aragon por Equipos – Preferente Grupo I"]
[Site ""]
[Date "2022.02.05"]
[Round "2.35"]
[White "Carruez Berges, Santiago"]
[Black "Lacamara Pasamar, Miguel"]
[Result "1/2-1/2"]
[WhiteElo "1971"]
[BlackElo "1769"]
[PlyCount "0"]
[WhiteTeam "Agrupacion B"]
[BlackTeam "Helios B"]
[EventDate "2022.01.29"]

1. e4 e6 2. d4 d5 3. Nc3 Bb4 4. e5 b6 5. Bd2 Nc6 6. a3 Bf8 7. Nf3 Bb7 8. Bd3
Qd7 9. Qe2 O-O-O 10. Bb5 Nge7 11. O-O-O Kb8 12. h4 h5 13. Bg5 Rc8 14. Bxe7 Qxe7
15. Bxc6 Bxc6 16. Ng5 Be8 17. Kb1 c5 18. Nb5 Qd7 19. Nd6 Bxd6 20. exd6 Qxd6 21.
Nf3 c4 22. Qe5 Qxe5 23. dxe5 f6 24. Rhe1 Bd7 25. Nd4 Rce8 26. f4 Rhf8 27. g3
Kc7 28. Re3 fxe5 29. Rxe5 Rh8 30. Rde1 Kd6 31. Kc1 g6 32. Kd2 a5 33. Nf3 Rhf8
34. Nd4 Rf6 35. Kc3 Rb8 36. a4 Re8 37. b3 cxb3 38. cxb3 Rc8+ 39. Kd3 Rc7 40.
Kd2 Rc5 41. R1e3 Rc7 42. Re1 1/2-1/2

[Event "Cto de Aragon por Equipos – Preferente Grupo I"]
[Site ""]
[Date "2022.02.05"]
[Round "2.36"]
[White "Lorente Melcon, Nicolas"]
[Black "Carruez Gracia, Eduardo"]
[Result "0-1"]
[WhiteElo "1707"]
[BlackElo "1934"]
[PlyCount "0"]
[WhiteTeam "Helios B"]
[BlackTeam "Agrupacion B"]
[EventDate "2022.01.29"]

1. e4 e6 2. d3 d5 3. Nd2 Nf6 4. Ngf3 c5 5. g3 Nc6 6. Bg2 Be7 7. O-O O-O 8. Re1
b5 9. e5 Nd7 10. Nf1 a5 11. h4 Re8 12. N1h2 b4 13. Ng4 Bf8 14. h5 h6 15. Ngh2
Ba6 16. g4 Be7 17. Bf4 Bg5 18. Qc1 f6 19. exf6 gxf6 20. Nf1 Nde5 21. Nxg5 hxg5
22. Bxe5 Nxe5 23. Nh2 Kh7 24. f4 Nf7 25. Nf3 Rg8 26. Qe3 Bc8 27. Re2 gxf4 28.
Qxf4 e5 29. Qg3 Bxg4 30. Qf2 Ng5 31. Nxg5+ Rxg5 32. Re3 Qe7 33. Rg3 Rag8 34.
Bxd5 Be6 35. Be4+ f5 36. Rxg5 Qxg5+ 37. Kf1 fxe4 38. Re1 Qh6 39. Qh4 Rf8+ 40.
Ke2 exd3+ 41. cxd3 Qf6 42. Qxf6 Rxf6 43. a3 c4 44. axb4 axb4 45. dxc4 Bxc4+ 46.
Ke3 Rf4 47. Ra1 Bd5 48. Ra5 Rd4 49. Ra7+ Kh6 50. Re7 Re4+ 51. Kd3 Kxh5 52. Rd7
Rd4+ 53. Ke3 Kg5 54. Rd6 Kf5 55. Rd8 Ke6 56. Re8+ Kd6 57. Rd8+ Kc5 58. Rc8+ Kb5
59. Re8 Re4+ 60. Kd3 Ka4 61. Kc2 Re2+ 62. Kc1 Kb3 63. Kd1 Bf3 64. Kc1 e4 65.
Rb8 Rc2+ 0-1

[Event "Cto de Aragon por Equipos – Preferente Grupo I"]
[Site ""]
[Date "2022.02.05"]
[Round "2.38"]
[White "Merin Flores, Miguel Angel"]
[Black "Gomez Calomarde, Saul"]
[Result "1/2-1/2"]
[WhiteElo "1710"]
[BlackElo "2023"]
[PlyCount "0"]
[WhiteTeam "Ejea"]
[BlackTeam "Teruel"]
[EventDate "2022.01.29"]

1. d4 Nf6 2. c4 e6 3. Nc3 Bb4 4. a3 Bxc3+ 5. bxc3 b6 6. Nf3 Bb7 7. Bg5 h6 8. Bh4 
g5 9. Bg3 Ne4 10. Qc2 h5 11. h4 g4 12. Ne5 Nxg3 13. fxg3 Nc6 14. Nd3 Ne7 15. e3 
Nf5 16. Qf2 Nd6 17. Ne5 f5 18. Bd3 Qf6 19. 0-0 Be4 20. Be2 Nf7 21. Nd3 0-0 22. Qf4 
Bxd3 23. Bxd3 Qh6 24. Qf2 Nd6 25. a4 Rae8 26. a5 Ne4 27. Qe1 d5 28. cxd5 exd5 29. 
Rf4 Nd6 30. axb6 axb6 31. Qd2 Qe6 32. Re1 Rf6 33. Qa2 Qf7 34. Qf2 Kg7 35. Qc2 Qe6 
36. Kh2 Rf7 37. Qf2 Ref8 38. Rf1 Ne4 39. Qe1 Qc6 40. Bxe4 dxe4 41. Qa1 Ra8 42. Qb2 
Ra5 43. Rc1 Qc4 44. Rc2 Kg6 45. Rff2 Rb5 46. Qa1 Ra5 47. Qb2 Rf6 48. Rcd2 Rc6 49. 
Rc2 Rb5 50. Qa3 Qb3 51. Qa8 Qe6 52. Qd8 Qf6 53. Qg8+ Kh6  1/2-1/2

[Event "Cto de Aragon por Equipos – Preferente Grupo I"]
[Site ""]
[Date "2022.02.05"]
[Round "2.41"]
[White "Garcia Monterde, Francisco Jose"]
[Black "Dominguez Luzon, Fernando"]
[Result "1-0"]
[WhiteElo "1801"]
[BlackElo "1940"]
[PlyCount "0"]
[WhiteTeam "IberCaja B"]
[BlackTeam "Delicias B"]
[EventDate "2022.01.29"]

1. c4 e5 2. g3 g6 3. Bg2 Bg7 4. Nc3 Nc6 5. e4 Nge7 6. Nge2 O-O 7. O-O d6 8. d3
f5 9. Be3 h6 10. f4 Kh7 11. d4 fxe4 12. dxe5 Nf5 13. Nd5 Be6 14. Nec3 dxe5 15.
Bc5 Rf7 16. Bxe4 Rd7 17. g4 Nfd4 18. f5 Bxd5 19. fxg6+ Kh8 20. Nxd5 Qg5 21. h3
Re8 22. Qd3 Nd8 23. Bf5 N8e6 24. Bxd4 exd4 25. Rae1 Rd6 26. Nf4 1-0